000 00456cam a2200181ua 4500
020 _c1.25
041 _ahin
_h
082 _a891.54
_bADY/SA
100 _aAdyapak, Bhagatilal .
245 _aSamshipt hindi vyakaran /
_cAdyapak Bhagatilal.
_hTextual Documents
250 _a3 /
_b.
260 _aVaranasi :
_bHindi Pracharak Pusthakalayam ,
_c1960.
300 _a252 ; .
365 _a1.25
504 _a
942 _cBK
999 _c6364
_d6364